<?xml version="1.0" encoding="UTF-8"?>
<collection xmlns="http://www.loc.gov/MARC21/slim">
 <record>
  <leader>02614cam a2200493 c 4500</leader>
  <controlfield tag="001">1896040462</controlfield>
  <controlfield tag="003">DE-627</controlfield>
  <controlfield tag="005">20251227181029.0</controlfield>
  <controlfield tag="007">tu</controlfield>
  <controlfield tag="008">240723s2024    sp |||||      00| ||spa c</controlfield>
  <datafield tag="020" ind1=" " ind2=" ">
   <subfield code="a">9788412822625</subfield>
   <subfield code="q"> : 22.00 EUR</subfield>
   <subfield code="9">978-84-128226-2-5</subfield>
  </datafield>
  <datafield tag="035" ind1=" " ind2=" ">
   <subfield code="a">(DE-627)1896040462</subfield>
  </datafield>
  <datafield tag="035" ind1=" " ind2=" ">
   <subfield code="a">(DE-599)KXP1896040462</subfield>
  </datafield>
  <datafield tag="035" ind1=" " ind2=" ">
   <subfield code="a">(OCoLC)1460294156</subfield>
  </datafield>
  <datafield tag="035" ind1=" " ind2=" ">
   <subfield code="a">(ZDB-21-EIL)5807876</subfield>
  </datafield>
  <datafield tag="040" ind1=" " ind2=" ">
   <subfield code="a">DE-627</subfield>
   <subfield code="b">ger</subfield>
   <subfield code="c">DE-627</subfield>
   <subfield code="e">rda</subfield>
  </datafield>
  <datafield tag="041" ind1=" " ind2=" ">
   <subfield code="a">spa</subfield>
  </datafield>
  <datafield tag="044" ind1=" " ind2=" ">
   <subfield code="c">XA-ES</subfield>
  </datafield>
  <datafield tag="050" ind1=" " ind2="0">
   <subfield code="a">TR</subfield>
  </datafield>
  <datafield tag="082" ind1="0" ind2=" ">
   <subfield code="a">779</subfield>
   <subfield code="2">14</subfield>
  </datafield>
  <datafield tag="084" ind1=" " ind2=" ">
   <subfield code="a">KUNST</subfield>
   <subfield code="q">DE-14</subfield>
   <subfield code="2">fid</subfield>
  </datafield>
  <datafield tag="084" ind1=" " ind2=" ">
   <subfield code="a">AP 94200</subfield>
   <subfield code="q">DE-14/sred</subfield>
   <subfield code="2">rvk</subfield>
   <subfield code="0">(DE-625)rvk/8147:658</subfield>
  </datafield>
  <datafield tag="084" ind1=" " ind2=" ">
   <subfield code="a">LH 60250</subfield>
   <subfield code="q">DE-14/sred</subfield>
   <subfield code="2">rvk</subfield>
   <subfield code="0">(DE-625)rvk/94185:</subfield>
  </datafield>
  <datafield tag="100" ind1="1" ind2=" ">
   <subfield code="a">Casajús Quirós, Concha</subfield>
   <subfield code="d">1957-</subfield>
   <subfield code="e">VerfasserIn</subfield>
   <subfield code="0">(DE-588)131939696</subfield>
   <subfield code="0">(DE-627)516185594</subfield>
   <subfield code="0">(DE-576)216601568</subfield>
   <subfield code="4">aut</subfield>
  </datafield>
  <datafield tag="245" ind1="1" ind2="0">
   <subfield code="a">Mujer y fotografía</subfield>
   <subfield code="b">la otra mirada</subfield>
   <subfield code="c">Concha Casajús Quirós</subfield>
  </datafield>
  <datafield tag="264" ind1=" " ind2="1">
   <subfield code="a">Toledo</subfield>
   <subfield code="b">Almud ediciones de Castilla-La Mancha</subfield>
   <subfield code="c">[2024]</subfield>
  </datafield>
  <datafield tag="300" ind1=" " ind2=" ">
   <subfield code="a">151 Seiten</subfield>
   <subfield code="b">Illustrationen</subfield>
  </datafield>
  <datafield tag="336" ind1=" " ind2=" ">
   <subfield code="a">Text</subfield>
   <subfield code="b">txt</subfield>
   <subfield code="2">rdacontent</subfield>
  </datafield>
  <datafield tag="337" ind1=" " ind2=" ">
   <subfield code="a">ohne Hilfsmittel zu benutzen</subfield>
   <subfield code="b">n</subfield>
   <subfield code="2">rdamedia</subfield>
  </datafield>
  <datafield tag="338" ind1=" " ind2=" ">
   <subfield code="a">Band</subfield>
   <subfield code="b">nc</subfield>
   <subfield code="2">rdacarrier</subfield>
  </datafield>
  <datafield tag="490" ind1="1" ind2=" ">
   <subfield code="a">Biblioteca añil feminista</subfield>
   <subfield code="v">18</subfield>
  </datafield>
  <datafield tag="500" ind1=" " ind2=" ">
   <subfield code="a">C. Casajús Quirós teaches at the Universidad Complutense de Madrid</subfield>
  </datafield>
  <datafield tag="689" ind1="0" ind2="0">
   <subfield code="d">s</subfield>
   <subfield code="0">(DE-588)4045895-7</subfield>
   <subfield code="0">(DE-627)104434880</subfield>
   <subfield code="0">(DE-576)209067160</subfield>
   <subfield code="a">Fotografie</subfield>
   <subfield code="2">gnd</subfield>
  </datafield>
  <datafield tag="689" ind1="0" ind2="1">
   <subfield code="d">s</subfield>
   <subfield code="0">(DE-588)4015553-5</subfield>
   <subfield code="0">(DE-627)104123508</subfield>
   <subfield code="0">(DE-576)208912339</subfield>
   <subfield code="a">Essay</subfield>
   <subfield code="2">gnd</subfield>
  </datafield>
  <datafield tag="689" ind1="0" ind2=" ">
   <subfield code="5">(DE-627)</subfield>
  </datafield>
  <datafield tag="787" ind1="0" ind2="8">
   <subfield code="i">Rezensiert in</subfield>
   <subfield code="a">Sánchez Noriega, José Luis, 1957 - </subfield>
   <subfield code="t">[Rezension von: Concha Casajús Quirós, Mujer y fotografía. La otra mirada]</subfield>
   <subfield code="d">2024</subfield>
   <subfield code="w">(DE-627)1928201679</subfield>
  </datafield>
  <datafield tag="830" ind1=" " ind2="0">
   <subfield code="a">Biblioteca añil feminista</subfield>
   <subfield code="v">18</subfield>
   <subfield code="9">18</subfield>
   <subfield code="w">(DE-627)648824993</subfield>
   <subfield code="w">(DE-576)334303214</subfield>
   <subfield code="w">(DE-600)2599867-5</subfield>
   <subfield code="7">am</subfield>
  </datafield>
  <datafield tag="936" ind1="r" ind2="v">
   <subfield code="a">AP 94200</subfield>
   <subfield code="b">International, Allgemeines</subfield>
   <subfield code="k">Allgemeines</subfield>
   <subfield code="k">Medien- und Kommunikationswissenschaften, Medienkulturwissenschaft, Kommunikationsdesign</subfield>
   <subfield code="k">Fotografie</subfield>
   <subfield code="k">Biografie, Geschichte</subfield>
   <subfield code="k">Geschichte der Fotografie</subfield>
   <subfield code="k">International, Allgemeines</subfield>
   <subfield code="0">(DE-627)127063707X</subfield>
   <subfield code="0">(DE-625)rvk/8147:658</subfield>
   <subfield code="0">(DE-576)20063707X</subfield>
  </datafield>
  <datafield tag="936" ind1="r" ind2="v">
   <subfield code="a">LH 60250</subfield>
   <subfield code="b">Frauenkunst, Feministische Kunst, Geschlechterforschung (Gender Studies)</subfield>
   <subfield code="k">Kunstgeschichte</subfield>
   <subfield code="k">Allgemeines. Allgemeine Kunstgeschichte</subfield>
   <subfield code="k">Bildende Kunst in Staat und Gesellschaft</subfield>
   <subfield code="k">Kunstsoziologie (sämtlicher oder mehrerer Kunstgattungen) Soziologie des Künstlers</subfield>
   <subfield code="k">Frauenkunst, Feministische Kunst, Geschlechterforschung (Gender Studies)</subfield>
   <subfield code="0">(DE-627)133682994X</subfield>
   <subfield code="0">(DE-625)rvk/94185:</subfield>
   <subfield code="0">(DE-576)266829945</subfield>
  </datafield>
  <datafield tag="951" ind1=" " ind2=" ">
   <subfield code="a">BO</subfield>
  </datafield>
  <datafield tag="990" ind1=" " ind2=" ">
   <subfield code="a">Fotografie</subfield>
  </datafield>
  <datafield tag="990" ind1=" " ind2=" ">
   <subfield code="a">Essay</subfield>
  </datafield>
  <datafield tag="991" ind1=" " ind2=" ">
   <subfield code="a">Rezensiertes Werk</subfield>
  </datafield>
  <datafield tag="999" ind1=" " ind2=" ">
   <subfield code="a">KXP-PPN1896040462</subfield>
   <subfield code="e">493396565X</subfield>
  </datafield>
 </record>
</collection>
